Welcome to the Holygrace Academy Library

Please use search bar below to get started

ELBIE'S QUEST (Record no. 5977)

MARC details
000 -LEADER
fixed length control field 00672nam a22001577a 4500
020 ## - INTERNATIONAL STANDARD BOOK NUMBER
ISBN 978-93-5103-010-2
082 ## - DEWEY DECIMAL CLASSIFICATION NUMBER
Classification number 823
Item number BAJ/E
100 ## - MAIN ENTRY--AUTHOR NAME
Personal name BAJAJ, MANJUL
245 ## - TITLE STATEMENT
Title ELBIE'S QUEST
250 ## - EDITION STATEMENT
Edition statement FIRST EDITION
260 ## - PUBLICATION, DISTRIBUTION, ETC. (IMPRINT)
Place of publication NEW YORK
Name of publisher SCHOLASTIC INC
Year of publication 2013
300 ## - PHYSICAL DESCRIPTION
Number of Pages 143
520 ## - SUMMARY, ETC.
Summary, etc Elbie's Quest is a small little book by Manjul Bajaj. It takes you to Rangeeli Duniya – a fantasy world that she creates around a little big tree whom she chooses to call Elbie. Elbie's world runs around her café called Soul Kitchen. It remains until the maker chooses her to sort out a problem in this world.
650 ## - SUBJECT ADDED ENTRY--TOPICAL TERM
Topical Term CHILDREN'S STORY BOOK
Geographic subdivision UNITED STATES
942 ## - ADDED ENTRY ELEMENTS (KOHA)
Koha item type Books
Holdings
Withdrawn status Lost status Collection code Home library Current library Shelving location Date acquired Source of acquisition Cost, normal purchase price Full call number Accession Number Koha item type
    Fiction Main Library Main Library SHELF 15 H-HARRY POTTER(CHARACTERISATION),WIMPY KID,DORK DIARIES 06/10/2015 purchase 175.00 823 BAJ/E 03818 Books